Regionálne inovačné procesy : lokálne vs. globálne siete znalostí habilitačná prednáška

Guardado en:
Detalles Bibliográficos
Autor principal: Rehák, Štefan, 1974-
Autor Corporativo: Ekonomická univerzita v Bratislave
Formato: Libro
Lenguaje:eslovaco
Publicado: Bratislava 2011
Colección:Habilitačné a inauguračné prednášky
Materias:
Etiquetas: Agregar Etiqueta
Sin Etiquetas, Sea el primero en etiquetar este registro!

MARC

LEADER 00000nam$a2200000$$$4500
001 0136076
005 20240314094532.4
020 |a 978-80-225-3226-6 
041 0 |a slo 
044 |a SK 
245 1 0 |a Regionálne inovačné procesy : lokálne vs. globálne siete znalostí  |b habilitačná prednáška  |c Štefan Rehák 
264 1 |a Bratislava  |c 2011 
300 |a 52 s. 
490 1 |a Habilitačné a inauguračné prednášky 
830 0 |a Habilitačné a inauguračné prednášky 
610 2 0 |a rast hospodársky 
610 2 0 |a rozvoj regionálny 
610 2 0 |a teórie ekonomické 
610 2 0 |a ekonomika vedomostná 
100 1 |a Rehák, Štefan, 1974- 
710 2 |a Ekonomická univerzita v Bratislave